Statistics for Famous Sports Players

Click here to take the quiz!

General Stats

  • This quiz has been taken 108 times
  • The average score is 6 of 8

Answer Stats

Answer% Correct
Messi
94%
Ronaldo
91%
Kobe Bryant
88%
Jordan
84%
Michael Phelps
60%
Nadal
58%
Federer
57%
Kroos
42%

Score Distribution

Percentile by Number Answered

Percent of People with Each Score

Your Score History

You have not taken this quiz